000
00265nam a2200109Ia 4500
008
240109s2007 xx 000 0 und d
041
_a
eng
082
_a
620
100
_a
Scott K. N.
245
_a
Biomedical Instrumentation
260
_a
New Delhi
_b
CBS Pub.
_c
2007
999
_c
1018860
_d
1018860